003520000a22001090004500090001700000245009500017041001400112100002600126942001300152773006000165999001700225 aASbSeriadas10aRecherches sur les ochnacees: VI, Sauvagesia paucielata sastre una especie nueva de Panama0 aEspañol1 aSastre, Claude999193 cARTICULO1 tMutisia: Acta Botánica Colombiana3893h35q1-4d1971 c15311d15311